[Event "EU-Cup 24th"]
[Site "Kallithea"]
[Date "2008.10.23"]
[Round "7"]
[White "Landa, Konstantin"]
[Black "Kamsky, Gata"]
[Result "1/2-1/2"]
[WhiteElo "2613"]
[BlackElo "2729"]
[Annotator "Marin,M"]
[PlyCount "95"]
[EventDate "2008.10.17"]
[EventType "team-swiss"]
[EventRounds "7"]
[EventCountry "GRE"]
[SourceTitle "CBM 127"]
[Source "ChessBase"]
[SourceDate "2008.11.13"]
[SourceVersion "1"]
[SourceVersionDate "2008.11.13"]
[SourceQuality "1"]
[WhiteTeam "Muelheim Nord"]
[BlackTeam "Ural Sverdlovskaya"]
[WhiteTeamCountry "GER"]
[BlackTeamCountry "RUS"]

1. e4 e5 2. Nf3 Nc6 3. Bb5 a6 4. Ba4 Nf6 5. O-O Be7 6. Re1 b5 7. Bb3 d6 8. c3
O-O 9. h3 Nb8 10. d4 Nbd7 11. Nbd2 Bb7 12. Bc2 Re8 13. Nf1 Bf8 14. Ng3 g6 15.
b3 Bg7 ({Last year, Kamsky experimented with} 15... a5 $5 {Shirov,A (2739)
-Kamsky,G (2714)/Khanty-Mansiysk 2007/CBM 122/[Rogozenko] (1/2, 42)}) ({
Apparently, the irrational} 15... d5 16. Bg5 h6 17. Bh4 {has fallen out of
fashion after some intense practical testing at top level.}) 16. d5 {Once the
d6-pawn is not defended anymore, this move is logical. Black needs to prepare
the thematic ...c6 still. Besides, the threat ...d5 had become more real after
the re-development of the blak king's bishop.} Rc8 17. Bg5 {The bishop
basically belongs to e3, but White intends to provoke a minor weakening of the
enemy kingside.} ({After} 17. c4 c6 {, apart from Bg5 which would just
transpose to the main game, White has tried} {Against} 18. Be3 {, Black
usually employs the same plan as in the main game. Here are two recent games
featuring Kamsky on both sides:} (18. Bd2 {This move, directed against ...Nb6 
(Ba5!) aims to provoke a weakness on the opposite wing before placing the
bishop on e3.} a5 {קb5} ({In a recent blitz game, Kamsky delayed this move
for a while, but play did not take on an independent character:} 18... Qc7 19.
Rc1 bxc4 20. bxc4 Nc5 21. Be3 Nfd7 22. Nd2 a5 $11 {Leko,P (2741)-Kamsky,G 
(2723)/Moscow Tal Mem blitz 2008 (0-1, 61). Black has achieved full stability.}
) 19. Be3 Nc5 (19... bxc4 20. bxc4 {prematurely opens the d1-a4 diagonal:} Nc5
21. Bxc5 dxc5 22. Ba4 $1 $14 {The light squares in Black's camp will remain
weak.}) (19... Qc7 20. Bd3 bxc4 21. bxc4 Ba6 22. Bf1 Nc5 23. Bxc5 dxc5 24. Rb1
$14 {Anand,V (2766)-Ponomariov,R (2718)/Cap d'Agde 2003/CBM 98/ (1/2, 60). is
also somewhat better for White, although there will be no exchange of
light-squared bishops yet.}) 20. a3 (20. Bxc5 dxc5 {[%csl Rc2] would make less
sense with the bishop passive on b2.}) 20... bxc4 21. bxc4 ({The intermediate} 
21. Bxc5 {aiming to transpose above, could be met by the also intermediate}
cxd5 $5 {, destroying White's centre.}) 21... Nfd7 {Now, everything looks fine
for Black.} 22. Rb1 Ba6 23. Nd2 Rf8 24. Qf3 Qh4 25. Qg4 Qxg4 26. hxg4 Bf6 27.
Ne2 cxd5 28. exd5 $5 (28. cxd5 {[%csl Ga6]}) 28... Bd8 29. g5 $6 ({Instead of
making a "generally useful move" on the kingside, White should have
consolidated his queenside with} 29. Nc3 $13) 29... Nb6 $15 {Karjakin,S (2730)
-Harikrishna,P (2659)/Motril 2008 (0-1, 60)}) 18... Nb6 {[%csl Rc4]} 19. Rb1 {
[%cal Gb1b7]} Qc7 {[%csl Gb7,Rc4][%cal Gc7c2]} 20. Bd3 ({Releasing the tension
with} 20. dxc6 {offers the black knights too much freedom.} Bxc6 21. Bd3 bxc4
22. bxc4 Na4 23. Qc2 Nc5 24. Nd2 Nfd7 25. Bf1 Ne6 26. Ne2 Ndc5 27. Nc3 Nd4 $132
{Kamsky,G (2726)-Harikrishna,P (2679)/Dagomys 2008/CBM 124 (1/2, 43)}) 20...
cxd5 21. cxd5 Nbxd5 $1 22. exd5 e4 {After dissolving White's centre, Black
will have absolutely no problems.} 23. Rc1 Qd7 24. Rxc8 Qxc8 25. Nxe4 Nxe4 26.
Bxe4 Rxe4 27. Qd3 Re7 28. Bf4 Rxe1+ 29. Nxe1 Qa8 30. Nc2 Bxd5 31. Ne3 Be6 32.
Qxd6 h5 $11 {Karjakin,S (2732)-Kamsky,G (2726)/Baku 2008 (1/2, 44)}) ({One day
earlier in the same tournament where the main game was played, White tried a
new move:} 17. Bd3 $146 c6 18. c4 Nc5 19. Bf1 bxc4 20. bxc4 a5 21. Bg5 h6 22.
Bd2 Ba6 23. Rb1 h5 24. Bg5 Qc7 25. Nd2 a4 26. Qf3 Nh7 27. Be3 Qa5 28. Red1 Bf6
{Karjakin,S (2730)-Svidler,P (2727)/Kallithea 2008 (1/2, 59). and Black has a
stable and active position.}) 17... c6 18. c4 h6 19. Be3 Nb6 20. Rb1 {[%csl
Rb7] Indirectly defending c4.} Qc7 $1 {Defending the b7-bishop and targetting
the c2-bishop.} ({The immediate sacrifice} 20... cxd5 21. cxd5 Nbxd5 $6 22.
exd5 Nxd5 {can be met by a counter-sacrifrice after} 23. Bd2 f5 24. Nxf5 $1
gxf5 25. Bxf5 Rb8 (25... Nc3 26. Bxc8 $5 Nxd1 27. Bxb7 e4 $5 28. Rbxd1 exf3 29.
Rxe8+ Qxe8 30. Bxf3 $14) 26. Rc1 $14 {Kasimdzhanov,R (2668)-Short,N (2701)/
Skanderborg 2003/CBM 98/ (0-1, 54). The black king feels rather insecure.}) 21.
dxc6 ({With the pawn on h6,} 21. Bd3 {has not been tried in practice.
Basically, there should not be a big difference, because after} cxd5 22. cxd5
Nbxd5 23. exd5 e4 {White gets nothing special with} 24. Bxh6 Bxh6 25. Bxe4 (25.
Nxe4 Nxd5 $15) 25... Qc3 $44 {[%csl Rd5]}) 21... Bxc6 22. cxb5 $146 {White
completely releases the tension, aiming to complete his development as soon as
possible.} ({The seemingly solid} 22. Nd2 {, defending c4 and e4, is in fact a
bit passive.} Nbd7 23. Rc1 Qa5 24. Bb1 Nc5 $15 {Gashimov,V (2717)-Harikrishna,
P (2668)/Sabadell 2008 (0-1, 42)}) 22... axb5 23. Qd2 Kh7 {Of course, the
white setup would make less sense in the event of the immediate development of
the bishop on e3 (no ...h6).} 24. Rbc1 Nbd7 ({Black should refrain from
premature activity.} 24... d5 $2 {leaves the black king exposed after} 25. Nf5
$1 gxf5 26. exd5 e4 (26... Nbxd5 27. Bxf5+ Kh8 28. Bxh6 $40) 27. dxc6 $14 exf3
$2 28. Bxf5+ Kg8 29. Bxb6 Qxb6 30. Rxe8+ Rxe8 31. c7 $18) 25. Red1 Bf8 {
White's position looks more active, but Black's compact structure insures him
against trouble. Besides, the occupation of the d5-square is not achievable
for White.} 26. b4 {[%csl Gc5][%cal Gc2b3]} Nb6 27. Bb3 {[%csl Rb6][%cal Gb3f7]
Landa has activated his position to the maximum. It is remarkable that Black
cannot parry the threat Bxf7 by simple means. His king is bound to defend the
h6-pawn, while ...Re7 would lose the d6-pawn.} Nc4 $5 {Kamsky decides to cut
the Gordian knot by surgical means.} 28. Bxc4 bxc4 29. Rxc4 Qb7 $44 {[%csl Re4]
Black will retrieve the pawn soon. In order to avoid being crushed by the
central pawns, White has to provoke simplifications, as in the endgame the
outside passed pawns would become more dangerous.} 30. Rdc1 Nxe4 31. Nxe4 Bxe4
32. Rxc8 Rxc8 33. Rxc8 Qxc8 34. b5 Qb7 35. a4 Bxf3 36. gxf3 Qxf3 37. b6 {
White seems to have winning chances because of his passed pawns, but the
insecure position of his king makes a draw look most probable.} d5 $1 {
Activating the bishop.} 38. b7 Bd6 39. Ba7 (39. Bc5 Bb8 40. a5 d4 41. a6 Qxh3
$11 {and a draw by perpetual is quite close.}) 39... Qb3 40. b8=Q Bxb8 41. Bxb8
Qxb8 42. Qxd5 {It is known that in queen endings the number of pawns is less
relevant than the degree of danger posed by them. White has some hopes to
promote his a-pawn, but once again the vulnerability of his king will keep the
balance even.} Qa7 43. a5 e4 44. Kg2 h5 45. a6 {Forcing a draw.} (45. Qb5 {
[%cal Gb5b6,Ga5a6]} e3 $132 46. Qb6 $2 Qxb6 47. axb6 e2 $1 $17) 45... Qxa6 46.
Qxf7+ Kh8 47. Qf8+ Kh7 48. Qf7+ 1/2-1/2

[Event "Moscow Tal Memorial 5th"]
[Site "Moscow"]
[Date "2010.11.07"]
[Round "3"]
[White "Shirov, Alexei"]
[Black "Mamedyarov, Shakhriyar"]
[Result "0-1"]
[WhiteElo "2739"]
[BlackElo "2761"]
[Annotator "Marin,M"]
[PlyCount "142"]
[EventDate "2010.11.05"]
[EventType "tourn"]
[EventRounds "9"]
[EventCountry "RUS"]
[EventCategory "21"]
[SourceTitle "CBM 139"]
[Source "ChessBase"]
[SourceDate "2010.11.18"]
[SourceVersion "1"]
[SourceVersionDate "2010.11.18"]
[SourceQuality "1"]

1. e4 e5 2. Nf3 Nc6 3. Bb5 a6 4. Ba4 Nf6 5. O-O Be7 6. Re1 b5 7. Bb3 d6 8. c3
O-O 9. h3 Nb8 10. d4 Nbd7 {The Breyer system seems to suit Mamedyarov's style
perfectly well. It is quite flexible and allows Black to change the setup from
one game to another, confusing the opponent from an early stage . The
objective correctness of the lines employed is of secondary importance, once
the points are brought home!} 11. Nbd2 Bb7 12. Bc2 Re8 13. Nf1 Bf8 14. Ng3 g6
15. a4 Bg7 {This is considered to be slightly passive.} ({The main line goes} 
15... c5 16. d5 c4 17. Bg5 h6 18. Be3 Nc5 19. Qd2 h5 {, for instance:} 20. Bg5
(20. Bxc5 dxc5 {Grischuk,A (2748)-Kamsky,G (2720)/Nalchik 2009/CBM 130/[Marin,
M] (0-1, 101)}) 20... Be7 21. Ra3 {Inarkiev,E (2684)-Kamsky,G (2726)/Baku 2008/
CBM 124/[Marin,M] (0-1, 48)}) 16. Bd3 d5 $5 {But this is a really rare move!
Black immediately sets up tension in the centre, taking advantage of the fact
that White has just spent another tempo with a piece that had consumed a lot
of time already.} ({The aforementioned evaluation of 15...Bg7 is based on the
fact that Black usually defends his b-pawn with} 16... c6 {, see for instance
Timofeev,A (2521)-Bologan,V (2655)/Kazan 2001/CBM 085/[Wedberg] (1-0, 37)}) 17.
Bg5 $1 {A logical developing move. It had been the over the board choice of a
player who five years later was to become one of the greatest World Champions
ever. In view of the pin, Black is best advised to refrain from releasing the
tension in the centre. The position becomes very complicated, requiring deep
calculation on every step. The fact is that the moves dxe5 and exd5 and their
symmetrical corresponding moves need to be taken into account on every step.} (
17. axb5 {is not dangerous.} dxe4 18. Nxe4 Nxe4 19. Bxe4 Bxe4 20. Rxe4 axb5 21.
Bg5 f6 22. Bd2 c5 $5 (22... Rxa1 23. Qxa1 Qa8 24. Qxa8 Rxa8 25. dxe5 fxe5 26.
Re2 Ra2 $132) 23. dxe5 {White did not find a good moment to capture on a8
because after ...Qxa8 he would have to lose a tempo to move or defend his rook.
} Rxa1 24. Qxa1 Nxe5 25. Nxe5 Qd5 26. Qe1 (26. Re2 {is slightly more
consistent, but White's advantage remains microscopical:} Rxe5 27. Rxe5 fxe5
28. Be3 e4 29. g3 c4 30. Qa7 h5 {with a probable draw.}) 26... Rxe5 27. Rxe5
Qxe5 28. Qxe5 fxe5 29. b3 c4 $11 {and Black has no problems at all, Garcia
Vera, R-Redolfi,A/Buenos Aires 1958/MCL (1/2, 39)}) (17. exd5 exd4 18. Rxe8+ (
18. Nxd4 Rxe1+ 19. Qxe1 Nc5 {/\ Qd5=/+}) 18... Qxe8 ({Minic recommends} 18...
Nxe8 {, which looks good enough, indeed.} 19. Nxd4 Nc5 20. axb5 $1 Bxd4 $1 21.
cxd4 Nxd3 22. Qxd3 Qxd5 $11) 19. Nxd4 Bxd5 20. Bf1 (20. axb5 axb5 21. Rxa8 Qxa8
22. Bf1 c6 $11) 20... c5 21. Nde2 Bc6 22. axb5 axb5 23. Rxa8 Qxa8 $15 {
Berezjuk,S (2436)-Sodoma,J (2379)/Czechia 2008/CBM 127 Extra (1/2, 31). The
position is almost symmetrical, but Black's pieces are more active.}) 17... b4
$5 $146 {Finally removing this pawn from the attacked square and sacrificing
it in order to spoil White's structure.} (17... dxe4 $6 {leaves the initiative
to White:} 18. Bxe4 Bxe4 19. Nxe4 exd4 20. Nxd4 c5 (20... h6 21. Nc6 Qc8 22.
Nxf6+ Nxf6 23. Bxf6 $1 Rxe1+ 24. Qxe1 Bxf6 25. Qe4 $16 {Milic}) 21. Bxf6 Nxf6 (
21... Bxf6 $2 22. Nc6 {/\ Qd7!+- Milic}) 22. Nxc5 Rxe1+ 23. Qxe1 b4 $5 24. Rc1
{'?!' Milic,B.} (24. Rd1 $1 bxc3 25. Qxc3 Rc8 26. b4 Ne4 $5 27. Qe1 $1 $16 Nxc5
$2 28. Nc6 $1 $18 {Milic}) 24... bxc3 25. bxc3 (25. Qxc3 Rc8 $1 $44 {Milic})
25... Qd5 26. Ndb3 Bf8 27. Qd1 Qxd1+ 28. Rxd1 Rc8 29. Nxa6 Rxc3 30. Rb1 Bd6 $11
{/\...Rc6} 31. Rd1 Bf8 32. Rb1 Nd7 $2 (32... Bd6 $11) 33. a5 Rc6 34. Rd1 $16 {
Karpov,A-O'Kelly de Galway,A/Caracas 1970/MCD (1-0, 41)}) 18. cxb4 {
Strategically, not the most consistent and possibly not the best move.} (18.
exd5 {looks like a premature releasing of the tension, similar to Black's ...
dxe4 in the previous game.} bxc3 19. bxc3 exd4 20. c4 Rxe1+ 21. Qxe1 h6 22. Bf4
Nc5 23. Qd1 c6 $132) ({White should continue his development by connecting
rooks, but how?} 18. Qd2 {places the queen on a vulnerable square, allowing ...
Nxe4 in certain cases.} bxc3 19. bxc3 dxe4 20. Bxe4 Bxe4 21. Nxe4 exd4 22.
Nxf6+ Nxf6 23. cxd4 Qd5) (18. Qc2 {does not put too much pressure and may be
answered with} h6) (18. Qc1 {prevents both ...h6 and ...Nxe4, but is a bit
passive. Black could answer symemtrically with} Qc8 {, getting out of the pin.}
) ({The main drawback of Black's novelty is the weakening of the queenside
light squares. From this point of view,} 18. Qb3 $5 {deserves serious
attention:} c5 (18... h6 19. Qxb4 Rb8 20. Bxf6 Qxf6 21. Qa5) 19. exd5 Bxd5 20.
Qxd5 $1 (20. Bc4 Bxc4 21. Qxc4 exd4 22. cxd4 cxd4 $11) 20... Nxd5 21. Bxd8
Raxd8 (21... Rexd8 22. Be4 $16) 22. Bc4 $14 {White is better regrouped and
Black's position has many weak light squares.}) 18... h6 19. Bxf6 (19. Bd2 {
is harmless:} dxe4 20. Nxe4 exd4) ({The thematic} 19. Bh4 $5 {, as worked out
by Judit Polgar in another line of the Breyer, deserves attention:} g5 20. Nxg5
hxg5 21. Bxg5 exd4 22. exd5 $44 {[%cal Gg3f5]}) 19... Qxf6 20. Rc1 Qd6 $44 {
Black is well regrouped now and exerts strong pressure against White's centre
and queenside.} 21. b5 (21. exd5 Bxd5 22. dxe5 (22. Ne4 Qxb4 $132) (22. b5 exd4
23. Rxe8+ Rxe8 24. bxa6 Nc5 $132) 22... Nxe5 23. Nxe5 Bxe5 {With so many dark
squares under attack, White cannot maintain his material advantage.}) (21. Qc2
Qxb4 (21... Rac8 $6 22. exd5 Bxd5 23. Ne4 $1 Qxb4 24. Bxa6 $16 {This is a
moment in which the insertion of the moves Qc2 and Rac8 favours White if
compared to the game continuation.}) 22. Qxc7 Red8 $132) 21... axb5 {Black
cannot ignore the queenside tension.} (21... exd4 $6 22. bxa6 Bxa6 23. Bxa6
Rxa6 24. Nxd4 $16 {Black has not enough compensation for the pawn, because he
cannot play} dxe4 $2 25. Nb5 $1 Qxd1 26. Rexd1 {[%cal Gb5c7,Gd1d7]} Rd8 (26...
Re7 27. Rxc7 $18) 27. Rxc7 $18) 22. Bxb5 {[%cal Gb5e8] The only way to avoid
disaster in the centre.} (22. axb5 exd4 $17) 22... c6 23. Bf1 exd4 24. Nxd4 {
Black has excellent development and the missing bishop leaves White unstable
on dark squares. Despite the missing pawn, Black's position looks very
pleasant. However, he must avoid certain tricks still.} Rab8 $1 {The start of
a coherent plan of improving the piece placement even more. For the time being,
the weakened b-file is taken under control.} (24... dxe4 $2 25. Nxc6 $16) 25.
b3 (25. Qd2 $2 dxe4 $1 $15) 25... Ba8 26. Nf3 Nc5 27. Rb1 Ne6 $44 28. Qd2 Rb4
29. exd5 {White intends to place his bishop on b5, but this way of releasing
the tension leaves the g7-bishop very active.} (29. e5 $5 {may be a better way
to restrict Black's initiative.}) 29... cxd5 30. Bb5 Rd8 31. Red1 Rf4 $36 {
[%cal Gf4f3] Suddently dark clouds are gathering around the white king.} 32.
Ne1 {This (and the next) knight retreat does not look nice, but it is hard to
find a satisfactory continuation.} (32. b4 Rxf3 33. gxf3 Ng5 $40) (32. Be2 h5
33. b4 d4 $36) 32... Bd4 $1 33. Nh1 Ba7 {One gets the feeling that the whole
board is Black's. The ease with which he transfers his pieces from one wing to
another is impressive.} 34. Nd3 Rh4 35. Re1 ({Rather sadly, White cannot bring
his knight back in the game:} 35. Ng3 $2 Qxg3) 35... Ng5 36. Qe2 Ne4 37. Rbc1
Bb8 {The start of what should have been the decisive phase of the attack. The
next few moves may have been played in mutual time trouble.} 38. f4 g5 $5 (
38... Rxf4 $1 39. Nxf4 Qxf4 40. g3 (40. g4 Ng5 $19) 40... Nxg3 $19) 39. g3 (39.
Nhf2 gxf4 $17) 39... Rxh3 $2 (39... gxf4 40. gxh4 f3 41. Qb2 Ba7+ $1 $19) 40.
Qg4 Qe6 41. Qxe6 fxe6 42. Bd7 $2 {This is a nice trick, but after Black's
accurate answer it will leave the bishop hanging.} (42. Kg2 Rh5 43. Nhf2 $13 {
offers White chances to regroup properly, while the h5-rook may have problems
returning into the game.}) 42... Kf7 $1 $17 (42... Rxd7 $2 43. Rc8+ $16) 43.
Kg2 Rh5 44. f5 exf5 $1 (44... Rxd7 $6 45. fxe6+ Kxe6 46. Rc8 $132) 45. Bxf5 Nf6
(45... Rxh1 $5 46. Rxh1 Nxg3 $17) 46. Nhf2 d4+ 47. Kg1 Bxg3 $17 {Having again
gained an advantage, Mamedyarov will not let it slip away for the second time.}
48. Ne5+ Bxe5 49. Rxe5 g4 50. Be6+ Kg6 51. Rcc5 g3 52. Nh3 Rxe5 53. Rxe5 Ne4
54. Bg4 Rf8 55. Re6+ Kg7 56. Re7+ Kh8 57. Be2 Nd2 58. Nf4 (58. a5 Nf3+ 59. Kg2
(59. Bxf3 Bxf3 {[%cal Gf8c8]} 60. Kf1 d3 61. Ke1 Bg4 62. Ng1 Rf2 63. Re8+ Kg7
64. Rd8 Ra2 65. Rxd3 Ra1+ 66. Kd2 Rxg1 $19) 59... Nh4+ 60. Kg1 (60. Kxg3 Nf5+)
60... Bg2 $19 {[%csl Gh3]}) 58... Rxf4 59. Re8+ Kg7 60. Rxa8 Rf2 61. Bh5 Rh2
62. Bd1 Ne4 63. Bf3 Ng5 64. Bg2 h5 65. Rd8 Ne6 66. Rd7+ Kf6 67. a5 Nf4 68. Bf1
d3 69. Rd6+ Ke5 70. Rd8 g2 71. Re8+ Kd6 0-1